header

Green infrastructure finance (Record no. 80872)

MARC details
000 -LEADER
fixed length control field 01611nam a2200349 a 4500
082 04 - DEWEY DECIMAL CLASSIFICATION NUMBER
Classification number 332.67/22
245 00 - TITLE STATEMENT
Title Green infrastructure finance
260 ## - PUBLICATION, DISTRIBUTION, ETC. (IMPRINT)
Place of publication Washington, D.C. :
Name of publisher World Bank,
Year of publication 2012.
300 ## - PHYSICAL DESCRIPTION
Number of Pages ix, 61 p. :
Other physical details ill.
490 0# - SERIES STATEMENT
Series statement World Bank study
505 0# - FORMATTED CONTENTS NOTE
Formatted contents note Rationale for green infrastructure finance framework -- Economic rationale of green investments -- Conceptual methodology for assessing and allocating risks -- Assessment of green investment climate in eap countries -- Conclusion and next steps -- Annex 1: Green investment climate matrix -- Annex 2: Bibliography.
650 #0 - SUBJECT ADDED ENTRY--TOPICAL TERM
Topical Term Infrastructure (Economics)
Topical Term Sustainable development
700 1# - ADDED ENTRY--PERSONAL NAME
Personal name Baietti, Aldo.
856 40 - ELECTRONIC LOCATION AND ACCESS
Uniform Resource Identifier http://site.ebrary.com/lib/rucke/Doc?id=10571264

No items available.

© 2026 Rongo University
Contact us: librarian | system librarian | Rongo university